Palabras sobre la Iglesia : meditaciones sobre la eclesiología del Vaticano II dirigidas a los laicos y análisis de la Dei Verbum /

Guardado en:
Bibliografiske detaljer
Hovedforfatter: Martini, Carlo Maria (autor)
Format: Bog
Sprog:spansk
Udgivet: Bogotá, Colombia : Ediciones Paulinas, 1987, c1987
Tags: Tilføj Tag
Ingen Tags, Vær først til at tagge denne postø!

MARC

LEADER 00000nam^a2200000^a^4500
001 000561654
005 20250521000000.0
009 20260310131928.754
020 |a 958-607-242-8 
037 |a Acervo ITESO - Biblioteca 
041 |a ESP 
091 |a FGM. 01564 
100 |a Martini, Carlo Maria  |e (autor) 
245 1 0 |a Palabras sobre la Iglesia :  |b meditaciones sobre la eclesiología del Vaticano II dirigidas a los laicos y análisis de la Dei Verbum / 
264 4 |a Bogotá, Colombia :  |b Ediciones Paulinas,  |c 1987, c1987 
300 |a 166 p. 
336 |a texto  |b txt  |2 rdacontenido 
337 |a sin mediación  |b n  |2 rdamedio 
338 |a volumen  |b nc  |2 rdasoporte 
649 |a XX 
910 |a Fondo Efraín González Morfín 
920 |a Impresos - Libros 
930 |a Fondos Especiales 
905 |a 130 
901 |a 0500386055  |b IT2  |c ESL  |i D92005  |u 20250521 
902 |a https://opac.biblio.iteso.mx/vufind/Record/000561654